(TOP 10) Kraje Militarny 2024 - Statystyki

Ogólne statystyki
  • Ten quiz został rozwiązany 152 razy
  • Średni wynik to 8 z 10
Statystyki odpowiedzi
Rank Państwo % Poprawnych
3 Chiny
99%
2 Rosja
99%
1 Stany Zjednoczone
99%
4 Indie
87%
6 Wielka Brytania
85%
7 Japonia
78%
5 Korea Południowa
75%
9 Pakistan
71%
10 Włochy
50%
8 Turcja
49%
Nie znaleziono quizów pasujących do podanych kryteriów
Rozkład punktacji
Procent ludzi z każdym wynikiem
Percentyl według liczby udzielonych odpowiedzi
Twoja historia wyników
Nie rozwiązałeś tego quizu